<?xml version="1.0" encoding="UTF-8"?>
<collection xmlns="http://www.loc.gov/MARC21/slim">
 <record>
  <leader>02224cam a2200445   4500</leader>
  <controlfield tag="001">1086773608</controlfield>
  <controlfield tag="003">DE-627</controlfield>
  <controlfield tag="005">20240331183810.0</controlfield>
  <controlfield tag="007">tu</controlfield>
  <controlfield tag="008">881202s1963    xx |||||      00| ||ita c</controlfield>
  <datafield tag="035" ind1=" " ind2=" ">
   <subfield code="a">(DE-627)1086773608</subfield>
  </datafield>
  <datafield tag="035" ind1=" " ind2=" ">
   <subfield code="a">(DE-576)016773608</subfield>
  </datafield>
  <datafield tag="035" ind1=" " ind2=" ">
   <subfield code="a">(DE-599)BSZ016773608</subfield>
  </datafield>
  <datafield tag="035" ind1=" " ind2=" ">
   <subfield code="a">(OCoLC)72828683</subfield>
  </datafield>
  <datafield tag="035" ind1=" " ind2=" ">
   <subfield code="a">(OCoLC)311099070</subfield>
  </datafield>
  <datafield tag="035" ind1=" " ind2=" ">
   <subfield code="a">(OCoLC)72828683</subfield>
  </datafield>
  <datafield tag="035" ind1=" " ind2=" ">
   <subfield code="a">(OCoLC)1068691568</subfield>
  </datafield>
  <datafield tag="035" ind1=" " ind2=" ">
   <subfield code="a">(DE-604)8062701061</subfield>
  </datafield>
  <datafield tag="040" ind1=" " ind2=" ">
   <subfield code="a">DE-627</subfield>
   <subfield code="b">ger</subfield>
   <subfield code="c">DE-627</subfield>
   <subfield code="e">rakwb</subfield>
  </datafield>
  <datafield tag="041" ind1=" " ind2=" ">
   <subfield code="a">ita</subfield>
  </datafield>
  <datafield tag="084" ind1=" " ind2=" ">
   <subfield code="a">9,10</subfield>
   <subfield code="2">ssgn</subfield>
  </datafield>
  <datafield tag="084" ind1=" " ind2=" ">
   <subfield code="a">LH 64800</subfield>
   <subfield code="2">rvk</subfield>
   <subfield code="0">(DE-625)rvk/94508:</subfield>
  </datafield>
  <datafield tag="100" ind1="1" ind2=" ">
   <subfield code="a">Cartari, Vincenzo</subfield>
   <subfield code="d">1531-1587</subfield>
   <subfield code="0">(DE-588)12086844X</subfield>
   <subfield code="0">(DE-627)080936695</subfield>
   <subfield code="0">(DE-576)165069295</subfield>
   <subfield code="4">aut</subfield>
  </datafield>
  <datafield tag="245" ind1="1" ind2="0">
   <subfield code="a">Imagini delli Dei de gl'antichi</subfield>
   <subfield code="c">Vicenzo Cartari. Einl. Walter Koschatzky</subfield>
  </datafield>
  <datafield tag="250" ind1=" " ind2=" ">
   <subfield code="a">Nachdr. d. Ausg. Venedig 1647 ; vermehrt durch e. Inhaltsverz. u. neue Reg.</subfield>
  </datafield>
  <datafield tag="264" ind1=" " ind2="1">
   <subfield code="a">Graz</subfield>
   <subfield code="b">Akad. Druck- u. Verl.-Anst.</subfield>
   <subfield code="c">1963</subfield>
  </datafield>
  <datafield tag="300" ind1=" " ind2=" ">
   <subfield code="a">XLVIII, 400 S.</subfield>
   <subfield code="b">Ill.</subfield>
  </datafield>
  <datafield tag="336" ind1=" " ind2=" ">
   <subfield code="a">Text</subfield>
   <subfield code="b">txt</subfield>
   <subfield code="2">rdacontent</subfield>
  </datafield>
  <datafield tag="337" ind1=" " ind2=" ">
   <subfield code="a">ohne Hilfsmittel zu benutzen</subfield>
   <subfield code="b">n</subfield>
   <subfield code="2">rdamedia</subfield>
  </datafield>
  <datafield tag="338" ind1=" " ind2=" ">
   <subfield code="a">Band</subfield>
   <subfield code="b">nc</subfield>
   <subfield code="2">rdacarrier</subfield>
  </datafield>
  <datafield tag="490" ind1="1" ind2=" ">
   <subfield code="a">Instrumentaria artium</subfield>
   <subfield code="v">1</subfield>
  </datafield>
  <datafield tag="583" ind1="1" ind2=" ">
   <subfield code="a">Archivierung/Langzeitarchivierung gewährleistet</subfield>
   <subfield code="f">SSG</subfield>
   <subfield code="x">XA-DE-BW</subfield>
   <subfield code="2">pdager</subfield>
   <subfield code="5">DE-16</subfield>
  </datafield>
  <datafield tag="700" ind1="1" ind2=" ">
   <subfield code="a">Koschatzky, Walter</subfield>
   <subfield code="d">1921-2003</subfield>
   <subfield code="e">Vorr.</subfield>
   <subfield code="0">(DE-588)121528456</subfield>
   <subfield code="0">(DE-627)081366450</subfield>
   <subfield code="0">(DE-576)161799175</subfield>
   <subfield code="4">aui</subfield>
  </datafield>
  <datafield tag="751" ind1=" " ind2=" ">
   <subfield code="a">Venedig</subfield>
   <subfield code="0">(DE-588)4062501-1</subfield>
   <subfield code="0">(DE-627)106131613</subfield>
   <subfield code="0">(DE-576)209144556</subfield>
   <subfield code="4">pup</subfield>
  </datafield>
  <datafield tag="787" ind1="0" ind2="8">
   <subfield code="i">Rezensiert in</subfield>
   <subfield code="a">Wirth, Karl-August, 1927 - 2013</subfield>
   <subfield code="t">[Rezension von: Vicenzo Cartari, Imagini delli dei de gl'antichi]</subfield>
   <subfield code="d">Nürnberg : Carl, 1964</subfield>
   <subfield code="w">(DE-627)1831265125</subfield>
  </datafield>
  <datafield tag="830" ind1=" " ind2="0">
   <subfield code="a">Instrumentaria artium</subfield>
   <subfield code="v">1</subfield>
   <subfield code="9">1</subfield>
   <subfield code="w">(DE-627)129684678</subfield>
   <subfield code="w">(DE-576)002674386</subfield>
   <subfield code="w">(DE-600)257641-7</subfield>
   <subfield code="7">ns</subfield>
  </datafield>
  <datafield tag="936" ind1="r" ind2="v">
   <subfield code="a">LH 64800</subfield>
   <subfield code="b">Schriften einzelner Kunstliebhaber und Kunstschriftsteller bis Todesjahr 1800 einschließlich</subfield>
   <subfield code="k">Kunstgeschichte</subfield>
   <subfield code="k">Allgemeines. Allgemeine Kunstgeschichte</subfield>
   <subfield code="k">Allgemeine Kunstgeschichte: Quellen</subfield>
   <subfield code="k">Quellenschriften zur gesamten Kunstgeschichte</subfield>
   <subfield code="k">Schriften einzelner Kunstliebhaber und Kunstschriftsteller bis Todesjahr 1800 einschließlich</subfield>
   <subfield code="0">(DE-627)1271072726</subfield>
   <subfield code="0">(DE-625)rvk/94508:</subfield>
   <subfield code="0">(DE-576)201072726</subfield>
  </datafield>
  <datafield tag="951" ind1=" " ind2=" ">
   <subfield code="a">BO</subfield>
  </datafield>
  <datafield tag="991" ind1=" " ind2=" ">
   <subfield code="a">Rezensiertes Werk</subfield>
  </datafield>
  <datafield tag="999" ind1=" " ind2=" ">
   <subfield code="a">KXP-PPN1086773608</subfield>
   <subfield code="e">4314997222</subfield>
  </datafield>
 </record>
</collection>
